000 00460nam a22001817a 4500
005 20210421065959.0
008 210226s1976 ||||| |||| 00| 0 eng d
040 _aeng
_cDLC
082 _a7
_bS-75
110 _91158
_aSouthwest Art
245 _aSouthwest Art
_bJune 1976
260 _aHouston, Texas
_bSouthwest Art
_c1976
300 _a115 p.
_bill.
365 _b2.50 usd
650 0 _9447
_aArt
653 _aხელოვნება
942 _2udc
_cMP
999 _c1773
_d1773